000 00388nam a2200157Ia 4500
003 GCL
008 140319s9999 xx 000 0 ara d
040 _aGCL /
_cGCL
082 0 4 _a813.03
_bم م
100 1 _aمحمد جلال
245 1 0 _aالملعونة : رواية /
_cمحمد جلال
300 _a159 ص
490 _a
650 0 4 _aالادب العربى
942 _2ddc
_cBK
999 _c40495
_d40495